| 000 | 00000cam 2200000zi 4500 |
| 001 | 9.958071 |
| 003 | CaOODSP |
| 005 | 20251218074041 |
| 006 | m o d f |
| 007 | cr cn||||||||| |
| 008 | 251208e20251217onc ob f000 0 fre d |
| 020 | |a9780660976303 |
| 040 | |aCaOODSP|bfre|erda|cCaOODSP |
| 043 | |an-cn--- |
| 086 | 1 |aCS62-0014/2025-8F-PDF |
| 100 | 1 |aShao, Zekai, |eauteur. |
| 245 | 10|aGuide technique des indices des prix à la production des services de télécommunications / |cpar Zekai Shao et Norman Chalk. |
| 264 | 1|a[Ottawa] : |bStatistique Canada = Statistics Canada, |c17 décembre 2025. |
| 264 | 4|c©2025 |
| 300 | |a1 ressource en ligne (7 pages). |
| 336 | |atexte|btxt|2rdacontent/fre |
| 337 | |ainformatique|bc|2rdamedia/fre |
| 338 | |aressource en ligne|bcr|2rdacarrier/fre |
| 490 | 1 |aSérie analytique des prix, |x2818-6389 |
| 500 | |aPublié aussi en anglais sous le titre : Technical guide for the telecommunications services producer price indexes. |
| 500 | |a« N° 62F0014M au catalogue. » |
| 504 | |aComprend des références bibliographiques. |
| 520 | |a« Ce guide technique décrit les détails méthodologiques des indices des prix à la production des services de télécommunications (IPPST). Le document comprend des informations sur l'objectif de l'indice, sa couverture, la source et la disponibilité des données, la méthodologie de tarification et les limite » -- Fourni par l'éditeur. |
| 650 | 6|aIndice des prix|xMéthodologie. |
| 650 | 6|aTélécommunications|xPrix|zCanada. |
| 710 | 2 |aStatistique Canada, |eorganisme de publication. |
| 775 | 08|tTechnical guide for the telecommunications services producer price indexes / |w(CaOODSP)9.958072 |
| 830 | #0|aSérie analytique des prix (Statistique Canada)|w(CaOODSP)9.842995 |
| 856 | 40|qPDF|s307 Ko|uhttps://publications.gc.ca/collections/collection_2025/statcan/62f0014m/62f0014m2025008-fra.pdf |
| 856 | 4 |qHTML|sS.O.|uhttps://www150.statcan.gc.ca/n1/pub/62f0014m/62f0014m2025008-fra.htm |
| 986 | |a62F0014M |